| 000 | 00514nam a2200181Ia 4500 | ||
|---|---|---|---|
| 001 | 20488 | ||
| 005 | 20260306172809.0 | ||
| 008 | 260306t2018||||xx |||||||||||||| ||spa|| | ||
| 041 | _aESP | ||
| 082 |
_a343.33 _bC34 |
||
| 100 |
_aCastillo Córdova, Luis _eAUT |
||
| 245 | 0 |
_aCuestiones constitucionales políticas: _bacusación constitucional, vacancia presidencial e indulto presidencial |
|
| 260 | _c2018 | ||
| 300 |
_a428 páginas : _c25 cm. |
||
| 650 | _aGEN | ||
| 654 | _aCDE | ||
| 942 |
_cLIB _dJUS _fJUS _2ddc _n |
||
| 999 |
_c20488 _d20488 |
||